000 00285nam a22001337a 4500
008 170213b xxu||||| |||| 00| 0 eng d
020 _a2900135133957
041 _aeng
080 _a61
100 _a4
101 _ashm
245 _aMEDICAL TERMINOLOGY
_cWINGERD, B
942 _2udc
_cBK
999 _c5305
_d5305